[Event "CAN-op"]
[Site "Edmonton CAN"]
[Date "2000.07.15"]
[Round "9"]
[White "Porubszki, Georg"]
[Black "Lipnowski, Irwin"]
[Result "0-1"]
[WhiteElo "2002"]
[BlackElo "2309"]
[PlyCount "90"]
[GameId "2160767911703236"]
[EventDate "2000.07.08"]
[EventType "swiss"]
[EventRounds "10"]
[EventCountry "CAN"]
[SourceTitle "EXT 2002"]
[Source "ChessBase"]
[SourceDate "2001.11.25"]
[SourceVersion "1"]
[SourceVersionDate "2001.11.25"]
[SourceQuality "1"]

1. d4 Nf6 2. Nf3 g6 3. e3 Bg7 4. Be2 O-O 5. Nbd2 d6 6. O-O Nbd7 7. b4 Nd5 8. a3 Nc3 9. Qe1 Nxe2+ 10. Qxe2 b6 11. Bb2 Bb7 12. Rab1 e6 13. Rfd1 Qe7 14. c4 f5 15. Rdc1 Nf6 16. c5 Bd5 17. cxd6 cxd6 18. Rc3 Qb7 19. Rbc1 Rac8 20. Ne1 Ne4 21. Rxc8 Rxc8 22. Rxc8+ Qxc8 23. f3 Nxd2 24. Qxd2 Qc4 25. Kf2 Kf7 26. Qc3 Bf6 27. Qxc4 Bxc4 28. f4 Ke7 29. Nf3 Kd7 30. a4 h6 31. Nd2 Bd3 32. Ke1 Bc2 33. a5 bxa5 34. bxa5 Bd8 35. Bc3 Kc6 36. Ke2 Be4 37. g3 Bd5 38. Bb4 Bc7 39. Kd3 Kb5 40. Ba3 Ka4 41. Bb2 Bxa5 42. Bc3 Be4+ 43. Nxe4 fxe4+ 44. Kc2 Bxc3 45. Kxc3 d5 0-1

[Event "CAN-op"]
[Site "Edmonton CAN"]
[Date "2000.07.15"]
[Round "9"]
[White "Predescu, Sebastian"]
[Black "Zubac, Marius"]
[Result "0-1"]
[WhiteElo "2076"]
[BlackElo "2308"]
[PlyCount "78"]
[GameId "2160767911703237"]
[EventDate "2000.07.08"]
[EventType "swiss"]
[EventRounds "10"]
[EventCountry "CAN"]

1. d4 f5 2. Nf3 Nf6 3. Bf4 e6 4. e3 Be7 5. c4 d5 6. Nc3 c6 7. Bd3 O-O 8. O-O Bd7 9. c5 Be8 10. Ne5 Nbd7 11. b4 Nxe5 12. Bxe5 Ng4 13. Bg3 Bh4 14. Bxh4 Qxh4 15. h3 Rf6 16. Be2 h5 17. Qd2 Rh6 18. Bd3 Nf6 19. f4 Rg6 20. Kh1 Ne4 21. Bxe4 fxe4 22. Qf2 Qe7 23. g3 Bd7 24. Kh2 Rf8 25. a4 Rgf6 26. Qe2 h4 27. Rg1 Rh6 28. gxh4 Qxh4 29. Rg3 Kh8 30. Qg2 Rf5 31. Rg4 Qe7 32. Nd1 e5 33. Nf2 exd4 34. exd4 Qf6 35. Rh1 Rxf4 36. Rf1 Qf5 37. Rg3 e3 38. Nd3 Rxf1 39. Ne1 Rf2 0-1

[Event "CAN-op"]
[Site "Edmonton CAN"]
[Date "2000.07.15"]
[Round "9"]
[White "Ramaswamy, Kiran"]
[Black "Lee, Jason"]
[Result "1/2-1/2"]
[WhiteElo "1749"]
[BlackElo "1958"]
[PlyCount "135"]
[GameId "2160767911703238"]
[EventDate "2000.07.08"]
[EventType "swiss"]
[EventRounds "10"]
[EventCountry "CAN"]

1. e4 c5 2. Nc3 Nc6 3. f4 g6 4. Bc4 Bg7 5. Nf3 e6 6. f5 Nge7 7. fxe6 fxe6 8. d3 O-O 9. O-O Kh8 10. Kh1 a6 11. a4 d5 12. Ba2 h6 13. Qe1 Nb4 14. Bb1 Ng8 15. Bd2 b6 16. Nd1 Nc6 17. Ba2 Ra7 18. Bc3 Nf6 19. Nf2 Re7 20. Ne5 Nxe5 21. Bxe5 Ref7 22. Qe2 Nh5 23. Bxg7+ Kxg7 24. Nh3 Rxf1+ 25. Rxf1 dxe4 26. dxe4 e5 27. Rd1 Qh4 28. Qd3 Bg4 29. Rf1 Bxh3 30. gxh3 Rxf1+ 31. Qxf1 Qxe4+ 32. Kg1 Nf4 33. Bb3 Qe3+ 34. Kh1 Qxh3 35. Qf2 Qg4 36. Qf1 Qe2 37. Qxe2 Nxe2 38. Bc4 Nd4 39. c3 Nf5 40. Bxa6 Kf6 41. b4 cxb4 42. cxb4 e4 43. a5 bxa5 44. bxa5 Nd6 45. Kg2 Kf5 46. Bf1 Kf4 47. a6 Nc8 48. Kf2 g5 49. Bc4 h5 50. h3 Na7 51. Be6 Nc6 52. Bc4 e3+ 53. Kg2 Na7 54. Be2 h4 55. Bh5 Ke4 56. Kf1 Kd3 57. Ke1 Nc6 58. Bg4 Ke4 59. Ke2 Nd4+ 60. Ke1 Nc6 61. Ke2 Kf4 62. Ke1 Ke4 63. Ke2 Kf4 64. Ke1 Na7 65. Ke2 Nb5 66. Ke1 Ke4 67. Ke2 Kf4 68. Ke1 1/2-1/2

[Event "CAN-op"]
[Site "Edmonton CAN"]
[Date "2000.07.15"]
[Round "9"]
[White "Robertson, Trevor"]
[Black "Miller, Brian"]
[Result "0-1"]
[WhiteElo "1266"]
[BlackElo "1854"]
[PlyCount "98"]
[GameId "2160767911703239"]
[EventDate "2000.07.08"]
[EventType "swiss"]
[EventRounds "10"]
[EventCountry "CAN"]

1. d4 d5 2. c4 e6 3. Nc3 Nf6 4. Bg5 Be7 5. Nf3 O-O 6. e3 Nbd7 7. Bd3 h6 8. Bh4 dxc4 9. Bxc4 Nb6 10. Bd3 Re8 11. Ne5 Nbd7 12. Ng4 Nxg4 13. Bxe7 Qxe7 14. Qxg4 Nf6 15. Qf3 c6 16. O-O e5 17. Ne4 exd4 18. Nxf6+ Qxf6 19. Qxf6 gxf6 20. exd4 Rd8 21. Rfe1 Be6 22. Re4 Rd6 23. Rc1 Rad8 24. Rc3 Rxd4 25. Rxd4 Rxd4 26. Bf1 Rd2 27. Ra3 a6 28. b3 Rd1 29. h3 Bf5 30. b4 Be6 31. Rg3+ Kh8 32. f4 Bxa2 33. Kf2 Rd4 34. b5 cxb5 35. Ke3 Rb4 36. f5 Rb3+ 37. Bd3 Bb1 38. Kd4 Rxd3+ 39. Rxd3 Bxd3 40. Kxd3 a5 41. g4 b4 42. h4 b3 43. Kc3 a4 44. Kb2 b5 45. Ka3 b4+ 46. Kb2 Kg7 47. g5 fxg5 48. hxg5 hxg5 49. Ka1 a3 0-1

[Event "CAN-op"]
[Site "Edmonton CAN"]
[Date "2000.07.15"]
[Round "9"]
[White "Ross, Dave"]
[Black "Schmitz, Manuela"]
[Result "1-0"]
[WhiteElo "2368"]
[BlackElo "2102"]
[PlyCount "61"]
[GameId "2160767911703240"]
[EventDate "2000.07.08"]
[EventType "swiss"]
[EventRounds "10"]
[EventCountry "CAN"]
[SourceTitle "EXT 2002"]
[Source "ChessBase"]
[SourceDate "2001.11.25"]
[SourceVersion "1"]
[SourceVersionDate "2001.11.25"]
[SourceQuality "1"]

1. c4 e6 2. Nf3 d5 3. b3 Nf6 4. g3 Be7 5. Bb2 O-O 6. Bg2 Ne4 7. O-O f5 8. d3 Bf6 9. Qc2 Bxb2 10. Qxb2 Nf6 11. Nbd2 c6 12. b4 Qe8 13. Rfc1 Nbd7 14. d4 Qh5 15. cxd5 cxd5 16. Rc7 Ne8 17. Rc2 Nd6 18. Rac1 Nb6 19. Ne5 Qxe2 20. Ne4 Ndc4 21. Nxc4 Nxc4 22. Rxe2 Nxb2 23. Nc5 Nc4 24. Nxe6 Bxe6 25. Rxe6 Rad8 26. Bxd5 Rxd5 27. Rxc4 f4 28. Re7 fxg3 29. hxg3 Rb8 30. Rcc7 Rxd4 31. Rxg7+ 1-0

[Event "CAN-op"]
[Site "Edmonton CAN"]
[Date "2000.07.15"]
[Round "9"]
[White "Rowson, Jonathan"]
[Black "Novikov, Igor A"]
[Result "1/2-1/2"]
[WhiteElo "2494"]
[BlackElo "2611"]
[PlyCount "40"]
[GameId "2160767911703241"]
[EventDate "2000.07.08"]
[EventType "swiss"]
[EventRounds "10"]
[EventCountry "CAN"]
[SourceTitle "EXT 2001"]
[Source "ChessBase"]
[SourceDate "2000.11.22"]
[SourceVersion "1"]
[SourceVersionDate "2000.11.22"]
[SourceQuality "1"]

1. e4 c5 2. Nf3 d6 3. d4 cxd4 4. Nxd4 Nf6 5. Nc3 a6 6. Bg5 e6 7. f4 Qb6 8. Qd2 Qxb2 9. Nb3 Nc6 10. Bxf6 gxf6 11. Na4 Qa3 12. Nb6 Rb8 13. Nc4 Qa4 14. a3 b5 15. Nxd6+ Bxd6 16. Qxd6 Qxe4+ 17. Be2 Qd5 18. Qxd5 exd5 19. O-O-O Ne7 20. Rhe1 Rb6 1/2-1/2

[Event "CAN-op"]
[Site "Edmonton CAN"]
[Date "2000.07.15"]
[Round "9"]
[White "Schulte, Oliver"]
[Black "Haessel, Dale"]
[Result "1/2-1/2"]
[WhiteElo "2392"]
[BlackElo "2172"]
[PlyCount "83"]
[GameId "2160767911703242"]
[EventDate "2000.07.08"]
[EventType "swiss"]
[EventRounds "10"]
[EventCountry "CAN"]
[SourceTitle "EXT 2002"]
[Source "ChessBase"]
[SourceDate "2001.11.25"]
[SourceVersion "1"]
[SourceVersionDate "2001.11.25"]
[SourceQuality "1"]

1. e4 c5 2. Nf3 d6 3. d4 cxd4 4. Nxd4 Nf6 5. Nc3 a6 6. Bc4 b5 7. Bb3 e6 8. Bg5 Be7 9. Qf3 Qd7 10. O-O Bb7 11. Rad1 Nc6 12. Qg3 O-O 13. Bh6 Ne8 14. a3 Rd8 15. Nxc6 Qxc6 16. Rfe1 Bf6 17. Rd3 a5 18. Bg5 b4 19. axb4 axb4 20. Na2 Qc5 21. Bd2 Bxb2 22. Bxb4 Qb6 23. Qg5 Ra8 24. c3 Ba3 25. Qe3 Qxe3 26. Rexe3 Nf6 27. Rxd6 Bxb4 28. cxb4 Nxe4 29. Rd4 Rfd8 30. Rxd8+ Rxd8 31. f3 Nf6 32. Kf2 Kf8 33. Ke2 Ke7 34. Nc3 Nd5 35. Nxd5+ Bxd5 36. Bc2 Rb8 37. Bb3 Bc6 38. f4 Rxb4 39. f5 Re4 40. fxe6 fxe6 41. g3 Bd5 42. Rxe4 1/2-1/2

[Event "CAN-op"]
[Site "Edmonton CAN"]
[Date "2000.07.15"]
[Round "9"]
[White "Soerensen, Lyndon"]
[Black "Li, Zhuoran"]
[Result "1-0"]
[WhiteElo "1742"]
[BlackElo "1473"]
[PlyCount "75"]
[GameId "2160767911703243"]
[EventDate "2000.07.08"]
[EventType "swiss"]
[EventRounds "10"]
[EventCountry "CAN"]

1. d4 d5 2. Nc3 Nf6 3. Bg5 Nbd7 4. Nf3 e6 5. e4 Be7 6. e5 Nh5 7. Bxe7 Qxe7 8. h4 c5 9. Nb5 Kd8 10. Qd2 Nb6 11. O-O-O g6 12. Nd6 Bd7 13. Nxb7+ Ke8 14. Nd6+ Kf8 15. dxc5 Nc8 16. g4 Ng7 17. Bd3 f6 18. exf6 Qxf6 19. Qe3 Nxd6 20. cxd6 Rb8 21. Ne5 Bb5 22. b3 Be8 23. d7 Bf7 24. Qc5+ Kg8 25. Nc6 h6 26. Nxb8 Kh7 27. Nc6 e5 28. d8=Q Rxd8 29. Nxd8 e4 30. Nxf7 Qxf7 31. Bxe4 dxe4 32. Qd5 Qf6 33. Qxe4 Qxf2 34. Rdf1 Qb6 35. h5 Qc5 36. Qxg6+ Kg8 37. Qxh6 Qa3+ 38. Kb1 1-0

[Event "CAN-op"]
[Site "Edmonton CAN"]
[Date "2000.07.15"]
[Round "9"]
[White "Steinke, Wally"]
[Black "Goutor, Yaroslav"]
[Result "1-0"]
[WhiteElo "1731"]
[BlackElo "1493"]
[PlyCount "67"]
[GameId "2160767911703245"]
[EventDate "2000.07.08"]
[EventType "swiss"]
[EventRounds "10"]
[EventCountry "CAN"]

1. d4 d5 2. c4 dxc4 3. e3 e6 4. Bxc4 Nf6 5. Nc3 Nc6 6. Nf3 Bb4 7. a3 Bxc3+ 8. bxc3 Ne4 9. Qc2 f5 10. Bd3 Nf6 11. Bb2 a6 12. Rd1 O-O 13. h3 Bd7 14. c4 Qe8 15. g4 Ne7 16. Qe2 Ng6 17. Ne5 Ne7 18. f3 Ba4 19. Rd2 Nd7 20. Nxd7 Bxd7 21. d5 exd5 22. cxd5 f4 23. e4 Qf7 24. Bc4 b5 25. Ba2 Nc8 26. e5 Qg6 27. h4 Kh8 28. h5 Qg5 29. h6 Bxg4 30. hxg7+ Kxg7 31. fxg4 f3 32. e6+ Kg8 33. Qe5 Qg6 34. Qh8# 1-0

[Event "CAN-op"]
[Site "Edmonton CAN"]
[Date "2000.07.15"]
[Round "9"]
[White "Stone, Gerald"]
[Black "Bradbrooke, Wally"]
[Result "1-0"]
[WhiteElo "1501"]
[BlackElo "1233"]
[PlyCount "31"]
[GameId "2160767911703246"]
[EventDate "2000.07.08"]
[EventType "swiss"]
[EventRounds "10"]
[EventCountry "CAN"]

1. d4 Nf6 2. c4 g6 3. Nc3 e6 4. Bg5 Bg7 5. e4 O-O 6. e5 d5 7. Qf3 Nc6 8. O-O-O h6 9. Bxf6 Bxf6 10. exf6 Qd7 11. cxd5 e5 12. dxe5 Nxe5 13. Qf4 Qd6 14. Ne4 Qb4 15. Qxh6 Bf5 16. Qg7# 1-0

[Event "CAN-op"]
[Site "Edmonton CAN"]
[Date "2000.07.15"]
[Round "9"]
[White "Strub, Michael"]
[Black "Marghetis, Aris"]
[Result "0-1"]
[WhiteElo "1579"]
[BlackElo "2009"]
[PlyCount "56"]
[GameId "2160767911703247"]
[EventDate "2000.07.08"]
[EventType "swiss"]
[EventRounds "10"]
[EventCountry "CAN"]

1. d4 Nf6 2. c4 g6 3. Nc3 Bg7 4. e4 d6 5. Bd3 Nc6 6. Nge2 e5 7. d5 Nd4 8. Nxd4 exd4 9. Ne2 Nd7 10. b3 c5 11. f4 O-O 12. O-O Nf6 13. Ng3 Ng4 14. Qf3 Ne3 15. Bxe3 dxe3 16. Rac1 Qe7 17. Kh1 Bd4 18. Ne2 f5 19. Nxd4 cxd4 20. Rfd1 Qf6 21. exf5 Bxf5 22. Bxf5 gxf5 23. Rd3 Rfe8 24. Rcd1 Re4 25. g3 Rae8 26. Qe2 Rc8 27. Kg2 Qg7 28. h3 Rxf4 0-1

[Event "CAN-op"]
[Site "Edmonton CAN"]
[Date "2000.07.15"]
[Round "9"]
[White "Sullivan, Brian"]
[Black "Bowerman, Robert"]
[Result "0-1"]
[WhiteElo "1746"]
[BlackElo "2116"]
[PlyCount "140"]
[GameId "2160767911703248"]
[EventDate "2000.07.08"]
[EventType "swiss"]
[EventRounds "10"]
[EventCountry "CAN"]

1. d4 Nf6 2. c4 g6 3. Nc3 Bg7 4. e4 d6 5. f3 O-O 6. Be3 Nc6 7. Bd3 a6 8. Nge2 Rb8 9. Rb1 Re8 10. b4 e5 11. d5 Nd4 12. O-O c6 13. Nxd4 exd4 14. Bxd4 cxd5 15. Bxf6 Qxf6 16. Nxd5 Qd4+ 17. Kh1 Bd7 18. Bc2 Qxc4 19. Bb3 Qd4 20. Qxd4 Bxd4 21. Rfd1 Be5 22. g3 Bb5 23. Rd2 Rbc8 24. a4 Bc6 25. Rc1 Bxd5 26. Rxc8 Rxc8 27. Bxd5 Rc1+ 28. Kg2 Bc3 29. Rd3 b6 30. Bb7 Bxb4 31. Bxa6 Rc2+ 32. Kh3 Bc5 33. g4 g5 34. Rd1 Be3 35. Re1 Bf4 36. Re2 Rc3 37. Kg2 Kg7 38. Rb2 Be3 39. Ra2 Kf6 40. Kf1 Bc5 41. Kg2 Ke5 42. Bb7 Kf4 43. h3 Rxf3 44. Rc2 Rg3+ 45. Kh2 Ra3 46. Bc6 f6 47. Kg2 Ra1 48. Kh2 Bd4 49. Kg2 Rg1+ 50. Kh2 Re1 51. Kg2 Be3 52. Kh2 Ke5 53. Kg2 Kd4 54. Kf3 Kd3 55. Ra2 Rf1+ 56. Kg2 Rg1+ 57. Kh2 Rc1 58. Bd5 Bd2 59. Kg2 Rb1 60. Bc6 Bc3 61. Bd5 Kd4 62. Kf3 Kc5 63. Be6 Kb4 64. Bd5 Bb2 65. Be6 Be5 66. Kg2 Re1 67. Kf3 Rh1 68. Kg2 Rh2+ 69. Kg1 Rxh3 70. Bd7 h5 0-1

[Event "CAN-op"]
[Site "Edmonton CAN"]
[Date "2000.07.15"]
[Round "9"]
[White "Tassone, Adam"]
[Black "Deimert, Elroy"]
[Result "1/2-1/2"]
[WhiteElo "1258"]
[BlackElo "1713"]
[PlyCount "82"]
[GameId "2160767911703249"]
[EventDate "2000.07.08"]
[EventType "swiss"]
[EventRounds "10"]
[EventCountry "CAN"]

1. e4 e5 2. Nf3 Nc6 3. d4 exd4 4. Nxd4 Nxd4 5. Qxd4 d6 6. Nc3 Qf6 7. Be3 Qxd4 8. Bxd4 c6 9. Bc4 b5 10. Be2 a6 11. a3 Be6 12. O-O Be7 13. Bxg7 Bf6 14. Bxh8 Bxh8 15. Rad1 O-O-O 16. Rd2 Ne7 17. Rfd1 Kc7 18. f4 Bg7 19. e5 d5 20. a4 Bh6 21. g3 Rg8 22. Kf2 b4 23. Na2 a5 24. c3 c5 25. cxb4 axb4 26. b3 Bh3 27. Rc2 Kb6 28. Bf3 Be6 29. a5+ Kb5 30. Be2+ c4 31. bxc4+ dxc4 32. Rb2 Nc6 33. Bf3 Bf8 34. Bxc6+ Kxc6 35. Nxb4+ Kb5 36. Nc2+ Ka6 37. Ra2 Bc5+ 38. Kg2 h5 39. h4 Bf5 40. Na3 Be6 41. Rc1 Be3 1/2-1/2

[Event "CAN-op"]
[Site "Edmonton CAN"]
[Date "2000.07.15"]
[Round "9"]
[White "Tessier, Olivier"]
[Black "Schmitz, Andreas"]
[Result "0-1"]
[WhiteElo "2001"]
[BlackElo "2182"]
[PlyCount "106"]
[GameId "2160767911703250"]
[EventDate "2000.07.08"]
[EventType "swiss"]
[EventRounds "10"]
[EventCountry "CAN"]

1. c4 c6 2. Nf3 d5 3. g3 Nf6 4. Bg2 Bf5 5. O-O e6 6. b3 Nbd7 7. Bb2 Bd6 8. d3 O-O 9. Nbd2 e5 10. cxd5 cxd5 11. e4 Bg6 12. Nh4 Bh5 13. Bf3 Bxf3 14. Qxf3 Bb4 15. Rfd1 Qa5 16. Qe2 Ba3 17. Bxa3 Qxa3 18. Kh1 Qa6 19. Qe3 Rac8 20. Nf5 Rc3 21. Qg5 g6 22. Ne7+ Kh8 23. Nxd5 Nxd5 24. exd5 Qxd3 25. Nc4 Qf3+ 26. Kg1 f6 27. Qd2 Nc5 28. Re1 Rd3 29. Qb4 Qxd5 30. Ne3 Qd4 31. Qa3 Rd8 32. Qxa7 Rd2 33. Rad1 Nxb3 34. Qxb7 Nc5 35. Qf3 e4 36. Qf4 Rxd1 37. Rxd1 Nd3 38. Qc7 Rd7 39. Qc8+ Kg7 40. Qc6 Ra7 41. Qe8 f5 42. h4 Rf7 43. Qc6 f4 44. Qc4 Qb2 45. Nc2 fxg3 46. fxg3 Qb8 47. Qd4+ Kg8 48. Ne3 Qxg3+ 49. Ng2 Ne5 50. Qd8+ Kg7 51. Qd4 e3 52. Qc3 e2 53. Qxg3 exd1=Q+ 0-1

[Event "CAN-op"]
[Site "Edmonton CAN"]
[Date "2000.07.15"]
[Round "9"]
[White "Tsui, Alick"]
[Black "Van Weeren, Henry"]
[Result "1-0"]
[WhiteElo "1106"]
[BlackElo "1572"]
[PlyCount "65"]
[GameId "2160767911703251"]
[EventDate "2000.07.08"]
[EventType "swiss"]
[EventRounds "10"]
[EventCountry "CAN"]

1. d4 d5 2. Nc3 e6 3. e4 dxe4 4. Nxe4 h6 5. Nf3 Nf6 6. Bd3 Nbd7 7. O-O Be7 8. Be3 Nxe4 9. Bxe4 Nf6 10. Bd3 a6 11. h3 Nd5 12. c3 Nxe3 13. fxe3 O-O 14. Ne5 f5 15. Ng6 Rf6 16. Ne5 Bd7 17. Qf3 c6 18. Rf2 Qc7 19. Qh5 Raf8 20. Raf1 Be8 21. Qf3 Bd8 22. g4 g5 23. gxf5 exf5 24. Qg3 Qc8 25. Bc4+ Kh7 26. Bd3 Bg6 27. Qf3 Kg7 28. Qg2 Bh7 29. h4 Kh8 30. h5 Re8 31. e4 f4 32. Ng4 Rfe6 33. Rf3 1-0

[Event "CAN-op"]
[Site "Edmonton CAN"]
[Date "2000.07.15"]
[Round "9"]
[White "Tyomkin, Dimitri"]
[Black "Campbell, Brett"]
[Result "1-0"]
[WhiteElo "2522"]
[BlackElo "2158"]
[PlyCount "87"]
[GameId "2160767911703252"]
[EventDate "2000.07.08"]
[EventType "swiss"]
[EventRounds "10"]
[EventCountry "CAN"]
[SourceTitle "EXT 2002"]
[Source "ChessBase"]
[SourceDate "2001.11.25"]
[SourceVersion "1"]
[SourceVersionDate "2001.11.25"]
[SourceQuality "1"]

1. d4 Nf6 2. c4 d6 3. Nc3 g6 4. e4 Bg7 5. h3 O-O 6. Bg5 Nbd7 7. Bd3 e5 8. d5 h6 9. Be3 a5 10. Nge2 Nc5 11. Bc2 Ne8 12. Qd2 Kh7 13. g4 Bd7 14. a3 Rh8 15. Kf1 Kg8 16. Kg2 b6 17. Ng3 g5 18. b4 Nb7 19. f3 Bf8 20. Ba4 Bxa4 21. Nxa4 Ng7 22. c5 axb4 23. axb4 dxc5 24. bxc5 Rxa4 25. Rxa4 Nxc5 26. Ra7 Kh7 27. Qa2 Bd6 28. Ra1 Qf6 29. Qc4 Qe7 30. Qb5 Qd7 31. Qxd7 Nxd7 32. Ra8 Rxa8 33. Rxa8 Kg6 34. Ne2 h5 35. Nc3 hxg4 36. hxg4 f6 37. Rd8 Nc5 38. Nb5 Be7 39. Rc8 Bd6 40. Nxc7 Kf7 41. Nb5 Ke7 42. Nxd6 Kxd6 43. Bxc5+ bxc5 44. Rg8 1-0

[Event "CAN-op"]
[Site "Edmonton CAN"]
[Date "2000.07.15"]
[Round "9"]
[White "Ward, Hilton"]
[Black "Goude, Brian"]
[Result "0-1"]
[WhiteElo "1369"]
[BlackElo "1868"]
[PlyCount "44"]
[GameId "2160767911703253"]
[EventDate "2000.07.08"]
[EventType "swiss"]
[EventRounds "10"]
[EventCountry "CAN"]

1. e4 c5 2. Nf3 e6 3. d4 cxd4 4. Nxd4 Bc5 5. Nc3 a6 6. Be3 d6 7. Qd2 Nf6 8. h3 b5 9. f3 Bd7 10. g4 b4 11. Nce2 Qb6 12. Bg5 Nc6 13. O-O-O h6 14. Nxc6 hxg5 15. Qd3 Bxc6 16. Nd4 Bb7 17. Nb3 Be3+ 18. Kb1 O-O-O 19. Qc4+ Kb8 20. Bg2 a5 21. Nd4 Bxd4 22. Rxd4 Ba6 0-1

[Event "CAN-op"]
[Site "Edmonton CAN"]
[Date "2000.07.15"]
[Round "9"]
[White "Weis, Rod"]
[Black "Niksic, John"]
[Result "1/2-1/2"]
[WhiteElo "1858"]
[BlackElo "2075"]
[PlyCount "82"]
[GameId "2160767911703254"]
[EventDate "2000.07.08"]
[EventType "swiss"]
[EventRounds "10"]
[EventCountry "CAN"]

1. d4 Nf6 2. c4 e6 3. Nc3 Bb4 4. e3 c5 5. Bd3 Nc6 6. Nge2 cxd4 7. exd4 h6 8. O-O d5 9. cxd5 Nxd5 10. Be4 Nf6 11. Bxc6+ bxc6 12. Qa4 Qb6 13. Bf4 O-O 14. a3 Be7 15. Qc2 a5 16. Na4 Qa7 17. Rac1 Ba6 18. Nc5 Bxc5 19. dxc5 a4 20. Rfd1 Nd5 21. Bd6 Bxe2 22. Qxe2 Rfd8 23. Qe5 Qd7 24. Re1 Ra5 25. Rc4 Re8 26. Rg4 f6 27. Qh5 Kh8 28. Qh4 Rea8 29. Rge4 e5 30. g3 Kh7 31. Kg2 R8a7 32. Rc1 g5 33. Qh5 Qf7 34. Qxf7+ Rxf7 35. Rcc4 Rfa7 36. h4 Kg6 37. hxg5 hxg5 38. Kf3 Kf5 39. Kg2 Ra8 40. Kf3 R8a7 41. Kg2 Ra8 1/2-1/2

[Event "CAN-op"]
[Site "Edmonton CAN"]
[Date "2000.07.15"]
[Round "9"]
[White "Wells, Peter K"]
[Black "Odachowski, Arthur"]
[Result "1-0"]
[WhiteElo "2506"]
[BlackElo "2214"]
[PlyCount "85"]
[GameId "2160767911703255"]
[EventDate "2000.07.08"]
[EventType "swiss"]
[EventRounds "10"]
[EventCountry "CAN"]
[SourceTitle "EXT 2002"]
[Source "ChessBase"]
[SourceDate "2001.11.25"]
[SourceVersion "1"]
[SourceVersionDate "2001.11.25"]
[SourceQuality "1"]

1. Nf3 Nf6 2. c4 g6 3. Nc3 Bg7 4. d4 d6 5. e4 O-O 6. Be2 e5 7. O-O Nc6 8. d5 Ne7 9. Ne1 Ne8 10. Be3 f5 11. f3 f4 12. Bf2 g5 13. c5 Ng6 14. a4 Nf6 15. a5 Rf7 16. cxd6 cxd6 17. Nb5 g4 18. fxg4 Nxe4 19. Bxa7 Bd7 20. Bb6 Qe7 21. Nc7 Rc8 22. Ne6 Bxe6 23. dxe6 Qxe6 24. g5 Ne7 25. Bg4 Nf5 26. Nf3 d5 27. Qb3 Ned6 28. Rad1 Rc4 29. Nh4 Rf8 30. Nxf5 Nxf5 31. Qd3 d4 32. Rde1 Qc8 33. g3 Rc2 34. gxf4 exf4 35. Rxf4 Qc6 36. Qf3 Ne3 37. Qxc6 Rxc6 38. Rxf8+ Kxf8 39. Bf3 Rc2 40. b4 Rb2 41. Bxb7 Be5 42. a6 Bxh2+ 43. Kh1 1-0

[Event "CAN-op"]
[Site "Edmonton CAN"]
[Date "2000.07.15"]
[Round "9"]
[White "Yamach, Ahmet"]
[Black "Lipnowski, Samuel"]
[Result "1-0"]
[WhiteElo "1771"]
[BlackElo "2009"]
[PlyCount "113"]
[GameId "2160767911703257"]
[EventDate "2000.07.08"]
[EventType "swiss"]
[EventRounds "10"]
[EventCountry "CAN"]

1. d4 Nf6 2. c4 g6 3. Nc3 Bg7 4. Nf3 O-O 5. b3 c5 6. e3 cxd4 7. exd4 d5 8. c5 Nc6 9. Be2 b6 10. cxb6 Qxb6 11. Na4 Qd8 12. O-O Ne4 13. Bb2 Bg4 14. h3 Bxf3 15. Bxf3 e6 16. Re1 Nd6 17. Rc1 Rc8 18. Be2 Nf5 19. Bg4 Ncxd4 20. Nc5 h5 21. Bxf5 Nxf5 22. Bxg7 Nxg7 23. Nd3 Qd6 24. Ne5 Nf5 25. Qd2 Ne7 26. Rxc8 Rxc8 27. Qf4 Rf8 28. Qf6 Nf5 29. Rc1 d4 30. Rc8 Qe7 31. Qxe7 Nxe7 32. Rc7 Nf5 33. Rxa7 Rc8 34. Nc4 Rd8 35. Kf1 d3 36. Ke1 Nh4 37. g3 Nf3+ 38. Kd1 e5 39. Ra6 h4 40. gxh4 Kg7 41. Rd6 Rxd6 42. Nxd6 f5 43. a4 Nd4 44. b4 Kf6 45. b5 Ke6 46. Nc8 Kd5 47. Ne7+ Ke6 48. Nxg6 Kf6 49. h5 e4 50. b6 Nc6 51. b7 Kg5 52. Kd2 Kxh5 53. Ne7 Nb8 54. Nxf5 Kg5 55. Nd6 Kf4 56. h4 Ke5 57. h5 1-0

[Event "CAN-op"]
[Site "Edmonton CAN"]
[Date "2000.07.16"]
[Round "10"]
[White "Alderton, Peter"]
[Black "Sexsmith, Kyle"]
[Result "1-0"]
[WhiteElo "1585"]
[BlackElo "1566"]
[PlyCount "31"]
[GameId "2160767911703258"]
[EventDate "2000.07.08"]
[EventType "swiss"]
[EventRounds "10"]
[EventCountry "CAN"]

1. e4 c5 2. d4 cxd4 3. c3 dxc3 4. Nxc3 e5 5. Bc4 Nf6 6. Qb3 d5 7. exd5 Qb6 8. Qc2 Bb4 9. Be3 Qc7 10. Qa4+ Bd7 11. Qxb4 a5 12. Qb3 a4 13. Qb4 Na6 14. Bxa6 Rxa6 15. Nge2 Qd6 16. Bc5 1-0

[Event "CAN-op"]
[Site "Edmonton CAN"]
[Date "2000.07.16"]
[Round "10"]
[White "Allan, Phillip"]
[Black "Haynes, Nicolas"]
[Result "0-1"]
[WhiteElo "2037"]
[BlackElo "1795"]
[PlyCount "94"]
[GameId "2160767911703259"]
[EventDate "2000.07.08"]
[EventType "swiss"]
[EventRounds "10"]
[EventCountry "CAN"]

1. Nf3 Nf6 2. c4 g6 3. Nc3 Bg7 4. e4 d6 5. d4 O-O 6. Be2 e5 7. d5 a5 8. Bg5 h6 9. Bh4 Nbd7 10. h3 Nc5 11. Nd2 c6 12. Qc2 cxd5 13. exd5 Bd7 14. Nb3 Qb6 15. Nxc5 Qxc5 16. a4 Rfc8 17. Qd2 Qb4 18. Bxf6 Bxf6 19. h4 Rc5 20. g3 Rac8 21. O-O Bg7 22. Kg2 f5 23. f3 f4 24. g4 Bf6 25. Rh1 b5 26. h5 gxh5 27. Rxh5 Bg5 28. axb5 Bxb5 29. Rhh1 Bd7 30. Rhd1 Bxg4 31. Ra4 Qb7 32. Rda1 Qg7 33. Kh1 Bh3 34. Bf1 Bxf1 35. Rxf1 Qd7 36. Ra2 Qh3+ 37. Kg1 R8c7 38. Qg2 Qh5 39. Qg4 Qe8 40. Rf2 Qd7 41. Qxd7 Rxd7 42. Rg2 Kf7 43. Kh2 Bh4 44. Kh3 Be1 45. Ra1 Bxc3 46. Rag1 Kf6 47. Rg8 Kf7 0-1

[Event "CAN-op"]
[Site "Edmonton CAN"]
[Date "2000.07.16"]
[Round "10"]
[White "Bestvater, Eric"]
[Black "Soerensen, Lyndon"]
[Result "0-1"]
[WhiteElo "1699"]
[BlackElo "1742"]
[PlyCount "118"]
[GameId "2160767911703260"]
[EventDate "2000.07.08"]
[EventType "swiss"]
[EventRounds "10"]
[EventCountry "CAN"]

1. e4 e6 2. d4 a6 3. Nf3 b5 4. Be3 Bb7 5. Nbd2 Be7 6. Bd3 Nf6 7. h3 Nc6 8. c3 O-O 9. O-O d6 10. Qc2 Ne8 11. Rfe1 g6 12. Nh2 Bf6 13. Ng4 Bg7 14. f3 h5 15. Nh2 Ne7 16. Rad1 Rc8 17. Nb3 c6 18. e5 dxe5 19. dxe5 Qc7 20. Bg5 c5 21. Nd2 Bxe5 22. Rxe5 Qxe5 23. Bxe7 Ng7 24. Bxf8 Kxf8 25. Be4 Bd5 26. Bxd5 Qe3+ 27. Kh1 exd5 28. Ndf1 Qe5 29. Qd2 Rd8 30. Ne3 d4 31. cxd4 Rxd4 32. Qf2 c4 33. Nhf1 Ne6 34. Re1 Qf6 35. Ng3 Nf4 36. Ne4 Qd8 37. Qc2 Nd3 38. Rd1 f5 39. Nc3 Qh4 40. Kh2 Qf4+ 41. g3 Qxe3 42. Qe2 Qxe2+ 43. Nxe2 Rd6 44. b3 g5 45. h4 g4 46. fxg4 fxg4 47. Nf4 Kf7 48. Nxh5 Kg6 49. Nf4+ Kf5 50. bxc4 bxc4 51. Kg1 Ke4 52. Kf1 Rf6 53. Rd2 Nxf4 54. gxf4 Rxf4+ 55. Kg2 c3 56. Rd6 c2 57. Rc6 Kd3 58. Kg3 Rc4 59. Rd6+ Kc3 0-1